Minecraft by Letter - C - Statistics

General Stats
  • This quiz has been taken 37 times
  • The average score is 12 of 15
Answer Stats
Hint Answer % Correct
Found in deserts and deal damage if you run into them Cactus
100%
Used to smelt and cook things in furnaces Coal
94%
One of the common harmful mobs that blow up when near it Creeper
94%
A food source that has a golden version Carrot
91%
A must-have for survival mode, used to make tools Crafting Table
91%
An item used to see which way you are going. Compass
88%
Must mine this to make a furnace, and to upgrade your tools Cobblestone
85%
A food source obtained by cocoa beans Cookie
85%
One of the three modes to play in Minecraft Creative
85%
Used to make hanging signs and armor Chain
82%
Something to hold your items Chest
79%
An unobtainable block unless use shears, found in abandoned villages and mineshafts. Cobwebs
76%
One of the food sources, dropped by a basic mob Chicken
68%
A common block found in lush caves, and near the surface of a lake, river, or the ocean. Clay
68%
A food source that is very rare Cake
44%
No matching quizzes found
Score Distribution
Percent of People with Each Score
Percentile by Number Answered
Your Score History
You have not taken this quiz